000 00523ntaaa2200181 4500
003 01
005 20251027202859.0
008 0714s1973 ag 01
040 _aAR-BaBN
_bspa
_cAR-BaBN
_eaacr
_dRIC
082 _a269.3000 G49g
100 _aDepartamento de Evangelización de Casa Bautista de Publicaciones
_929285
245 _aUna Guía para planificar la evangelización
250 _a1 ed.
260 _aEl Paso :
_bCasa Bautista de Publicaciones,
_cs.f.
300 _a15 p
650 _aevangelización
942 _cBK
999 _c24144
_d24144